| 000 | 00761nam a2200277Ia 4500 | ||
|---|---|---|---|
| 008 | 160803s9999 xx 000 0 und d | ||
| 020 | _a0 439704154 | ||
| 100 | _aJenkins, Steve | ||
| 245 | _aWhat do you do with a tail like this? / | ||
| 245 | _cSteve Jenkins & Robin Page. | ||
| 260 | _aNew York : | ||
| 260 | _bScholastic Inc. | ||
| 260 | _c2003 | ||
| 300 | _aunnumbered pages : | ||
| 300 | _bcolor illustrations ; | ||
| 300 | _c25 cm | ||
| 500 | _aOriginally published: Boston : Houghton Mifflin, c2003. | ||
| 650 | _aAnimals -- | ||
| 650 | _aAnimals -- | ||
| 650 | _aQuestions and answers. | ||
| 650 | _aSense organs -- | ||
| 650 | _xJuvenile literature. | ||
| 650 | _xMiscellanea. | ||
| 650 | _xPhysiology. | ||
| 700 | _a620 | ||
| 999 |
_c298960 _d298960 |
||